000 00543nam a22001817a 4500
003 CEME
005 20210628203516.0
008 210121b xxu||||| |||| 00| 0 eng d
020 _a978-81-20337923
040 _c.
082 _a658.5 SUD
100 _aSudalaimuthu, S, Raj, S. Anthony
_965902
245 _aLogistics management for international business, text and cases
260 _aNEW DELHI
_bPRENTICE HALL OF INDIA
_c2009
300 _aXX,384P
650 _aLOGISTICS MANAGEMENT FOR INTERNATIONAL BUSINESS
_965903
942 _cBK
_2ddc
999 _c573979
_d573979